<?xml version="1.0" encoding="UTF-8"?>
<record
    xmlns:xsi="http://www.w3.org/2001/XMLSchema-instance"
    xsi:schemaLocation="http://www.loc.gov/MARC21/slim http://www.loc.gov/standards/marcxml/schema/MARC21slim.xsd"
    xmlns="http://www.loc.gov/MARC21/slim">

  <leader>02801nam a2200253 i 4500</leader>
  <controlfield tag="003">CO-MdUADB</controlfield>
  <controlfield tag="005">20240812150356.0</controlfield>
  <controlfield tag="007">cr unu|||||a|a</controlfield>
  <controlfield tag="008">240812s2024    ck |||||om||| 00| 0 spa d</controlfield>
  <datafield tag="040" ind1=" " ind2=" ">
    <subfield code="a">CO-MdUADB</subfield>
    <subfield code="b">spa</subfield>
    <subfield code="c">CO-MdUADB</subfield>
    <subfield code="e">rda</subfield>
  </datafield>
  <datafield tag="100" ind1=" " ind2=" ">
    <subfield code="9">866276</subfield>
    <subfield code="a">Portillo Alvarez, Erenia</subfield>
    <subfield code="e">org</subfield>
  </datafield>
  <datafield tag="245" ind1="1" ind2="3">
    <subfield code="a">La experiencia profesional, un desaf&#xED;o para el reci&#xE9;n graduado de la profesi&#xF3;n contable</subfield>
  </datafield>
  <datafield tag="264" ind1=" " ind2=" ">
    <subfield code="a">Apartad&#xF3;:</subfield>
    <subfield code="b">Autores,</subfield>
    <subfield code="c">2024</subfield>
  </datafield>
  <datafield tag="300" ind1=" " ind2=" ">
    <subfield code="a">Recurso en l&#xED;nea (42 p&#xE1;ginas):</subfield>
    <subfield code="b">archivo de texto PDF, gr&#xE1;ficos a color</subfield>
  </datafield>
  <datafield tag="336" ind1=" " ind2=" ">
    <subfield code="2">rdacontent</subfield>
    <subfield code="a">texto</subfield>
    <subfield code="b">txt</subfield>
  </datafield>
  <datafield tag="337" ind1=" " ind2=" ">
    <subfield code="a">computadora</subfield>
  </datafield>
  <datafield tag="338" ind1=" " ind2=" ">
    <subfield code="a">recurso en l&#xED;nea</subfield>
  </datafield>
  <datafield tag="502" ind1=" " ind2=" ">
    <subfield code="b">60</subfield>
    <subfield code="c">9</subfield>
  </datafield>
  <datafield tag="520" ind1="3" ind2=" ">
    <subfield code="a">RESUMEN: Este art&#xED;culo se centra en la paradoja que enfrentan los reci&#xE9;n egresados del programa de Contadur&#xED;a P&#xFA;blica, entre su poca o nula experiencia laboral y los a&#xF1;os de experiencia exigidos por parte de los empresarios. Para identificar los factores que justifican la exigencia de experiencia profesional para la empleabilidad de los reci&#xE9;n egresados de Contadur&#xED;a P&#xFA;blica en la zona de Urab&#xE1; y as&#xED; darle respuesta a la pregunta de investigaci&#xF3;n, se emple&#xF3; un enfoque de investigaci&#xF3;n cualitativo con alcance descriptivo, que permite mediante una revisi&#xF3;n bibliogr&#xE1;fica, an&#xE1;lisis del mercado laboral actual, y el uso de la encuesta como instrumento principal para la recolecci&#xF3;n de informaci&#xF3;n, que posibilita interpretar, depurar y sintetizar los datos obtenidos, comprender e identificar cu&#xE1;les son las razones en las que las empresas se basan para poder contratar a un profesional Contable. Tambi&#xE9;n se busc&#xF3; identificar cu&#xE1;les son las bases que tiene este profesional para poder enfrentarse al mundo laboral, como las competencias adquiridas, una buena formaci&#xF3;n, y otras capacidades que el mismo pueda reconocer y lo acerquen a lo que realmente buscan las empresas o el mercado laboral. Existen diferentes percepciones sobre la experiencia profesional, cada empresa tiene una interpretaci&#xF3;n y sobre la cual establecen los requisitos que exigen a la hora de contratar a un profesional. En las empresas no solo se fijan en el requisito de experiencia profesional, si no en el conjunto de requisitos establecidos en el perfil de las vacantes y los conocimientos contables son el factor relevante, adem&#xE1;s la competencia t&#xE9;cnica en el &#xE1;rea en la que se har&#xE1; la contrataci&#xF3;n por lo cual la experiencia profesional se identifica como una ventaja competitiva en el mercado laboral.</subfield>
  </datafield>
  <datafield tag="700" ind1=" " ind2=" ">
    <subfield code="9">866277</subfield>
    <subfield code="a">Salas Gonz&#xE1;lez, Mariana</subfield>
    <subfield code="e">org</subfield>
  </datafield>
  <datafield tag="700" ind1=" " ind2=" ">
    <subfield code="9">801855</subfield>
    <subfield code="a">Mu&#xF1;oz Osorio, Lina Mar&#xED;a</subfield>
    <subfield code="e">ths</subfield>
  </datafield>
  <datafield tag="856" ind1="4" ind2=" ">
    <subfield code="u">https://bibliotecadigital.udea.edu.co/handle/10495/39079</subfield>
    <subfield code="z">CONSULTE TEXTO COMPLETO EN EL REPOSITORIO INSTITUCIONAL UNIVERSIDAD DE ANTIOQUIA</subfield>
  </datafield>
  <datafield tag="942" ind1=" " ind2=" ">
    <subfield code="2">FAC</subfield>
    <subfield code="c">TESIS</subfield>
  </datafield>
  <datafield tag="999" ind1=" " ind2=" ">
    <subfield code="c">859455</subfield>
    <subfield code="d">859455</subfield>
  </datafield>
</record>
